00655nam a2200193Ia 4500008004100000020001500041082001400056100002000070245005000090250000800140260002500148300000800173500002400181650001200205942000700217952011700224952010500341999001500446230524s9999 xx 000 0 und d a8176565717 a4.16bBAR aThomas C.Bartee 0a"Data Communications, Networks, And Systems" a1ST aNEW DELHIbBPBc2002 a359 aQuantity Number: 2 aComp-Sc cBK 00104070aTATCLbTATCLcGENd2023-05-24l2o004.16 BARp6336r2024-05-11s2024-04-29w2023-05-24yBKzBCSE3306 00104070aTATCLbTATCLcGENd2023-05-24l0o004.16 BARp6337r2023-05-24w2023-05-24yBKzBCSE3306 c6730d6730